000 00437 a2200133 4500
245 _astory of Western furniture
_hprint
020 _a0906969093 :
700 _aOates, Phyllis Bennett.
650 _aProgramming
005 20191017174044.0
260 _aenk
_bHerbert Press
_c1981
084 _aNK2270 .O27 1981
300 _a253 p. : ill., maps, plans
_b 26 cm.
_c253 p. : ill., maps, plans ; 26 cm.
500 _aPhyllis Bennett Oates ; illustrated by Mary Seymour.
999 _c11101
_d11101